| 000 | 00569nam a2200193 a 4500 | ||
|---|---|---|---|
| 005 | 20140310183246.0 | ||
| 008 | 040901s19uu xx 00 eng d | ||
| 020 | _a0124211801 | ||
| 050 |
_aQA 39.3 _b.K67 2004 |
||
| 100 | _aKoshy, Thomas | ||
| 245 |
_aDiscrete mathematics with applications / _cThomas Koshy. |
||
| 260 |
_aBurlington, Mass : _bElsevier Academic Press, _c2004. |
||
| 300 |
_axxiv, 1045 p. ; _bill. ; _c26 cm. |
||
| 500 | _aIncludes index. | ||
| 521 | _aIT | ||
| 650 |
_aComputer science _xMathematics. |
||
| 942 |
_cBK _2lcc _kFOR |
||
| 999 |
_c20700 _d20700 |
||